<?xml version="1.0" encoding="UTF-8"?>
<record
    xmlns:xsi="http://www.w3.org/2001/XMLSchema-instance"
    xsi:schemaLocation="http://www.loc.gov/MARC21/slim http://www.loc.gov/standards/marcxml/schema/MARC21slim.xsd"
    xmlns="http://www.loc.gov/MARC21/slim">

  <leader>03638nam a2200493 i 4500</leader>
  <controlfield tag="001">44000</controlfield>
  <controlfield tag="003">FINmELB</controlfield>
  <controlfield tag="005">20241216222154.0</controlfield>
  <controlfield tag="006">m     o  d |      </controlfield>
  <controlfield tag="007">cr cnu||||||||</controlfield>
  <controlfield tag="008">210707s2020    sp a    ob    000 0 spa d</controlfield>
  <datafield tag="020" ind1=" " ind2=" ">
    <subfield code="a">9789587462555</subfield>
    <subfield code="q">(e-book)</subfield>
  </datafield>
  <datafield tag="020" ind1=" " ind2=" ">
    <subfield code="z">9789587462548</subfield>
  </datafield>
  <datafield tag="035" ind1=" " ind2=" ">
    <subfield code="a">(OCoLC)1261028187</subfield>
  </datafield>
  <datafield tag="040" ind1=" " ind2=" ">
    <subfield code="a">FINmELB</subfield>
    <subfield code="b">spa</subfield>
    <subfield code="e">rda</subfield>
    <subfield code="c">FINmELB</subfield>
  </datafield>
  <datafield tag="050" ind1=" " ind2="4">
    <subfield code="a">PN1996</subfield>
    <subfield code="b">.V555 2020</subfield>
  </datafield>
  <datafield tag="080" ind1=" " ind2=" ">
    <subfield code="a">791.43:82.01(0.034)</subfield>
  </datafield>
  <datafield tag="080" ind1=" " ind2=" ">
    <subfield code="a">791.43:82-293(0.034)</subfield>
  </datafield>
  <datafield tag="082" ind1="0" ind2="4">
    <subfield code="a">808.23</subfield>
    <subfield code="2">23</subfield>
  </datafield>
  <datafield tag="100" ind1="1" ind2=" ">
    <subfield code="a">Villamizar Ceballos, Adriana,</subfield>
    <subfield code="e">autor.</subfield>
  </datafield>
  <datafield tag="245" ind1="1" ind2="3">
    <subfield code="a">El gui&#xF3;n cinematogr&#xE1;fico como pieza audiovisual aut&#xF3;noma /</subfield>
    <subfield code="c">Adriana Villamizar Ceballos.</subfield>
  </datafield>
  <datafield tag="264" ind1=" " ind2="1">
    <subfield code="a">[Santa Marta, Colombia] :</subfield>
    <subfield code="b">Editorial Unimagdalena,</subfield>
    <subfield code="c">2020.</subfield>
  </datafield>
  <datafield tag="300" ind1=" " ind2=" ">
    <subfield code="a">1 recurso en l&#xED;nea (140 p&#xE1;ginas) :</subfield>
    <subfield code="b">ilustraciones a color y negro</subfield>
  </datafield>
  <datafield tag="336" ind1=" " ind2=" ">
    <subfield code="a">texto</subfield>
    <subfield code="b">txt</subfield>
    <subfield code="2">rdacontent/spa</subfield>
  </datafield>
  <datafield tag="337" ind1=" " ind2=" ">
    <subfield code="a">computadora</subfield>
    <subfield code="b">c</subfield>
    <subfield code="2">rdamedia/spa</subfield>
  </datafield>
  <datafield tag="338" ind1=" " ind2=" ">
    <subfield code="a">recurso en l&#xED;nea</subfield>
    <subfield code="b">cr</subfield>
    <subfield code="2">rdacarrier/spa</subfield>
  </datafield>
  <datafield tag="490" ind1="1" ind2=" ">
    <subfield code="a">Humanidades y arte. Cine y audiovisuales</subfield>
  </datafield>
  <datafield tag="504" ind1=" " ind2=" ">
    <subfield code="a">Incluye referencias bibliogr&#xE1;ficas.</subfield>
  </datafield>
  <datafield tag="505" ind1="0" ind2=" ">
    <subfield code="a">Primera Parte: El gui&#xF3;n cinematogr&#xE1;fico como producto de la investigaci&#xF3;n y la creaci&#xF3;n ; El guionista como autor ; Argumentos y situaciones dram&#xE1;ticas universales ; El gui&#xF3;n literario y cinematogr&#xE1;fico -- Segunda Parte: La ense&#xF1;anza y pr&#xE1;ctica en la escritura del guion cinematogr&#xE1;fico ; El proceso del seguimiento del relato audiovisual y tutor&#xED;as en la escritura del gui&#xF3;n ; Perfil de personaje ; Ejercicios creativos ; La unidad dram&#xE1;tica o escena ; Mandamientos para escritores n&#xF3;veles de gui&#xF3;n ; De la c&#xE1;mara del guionista al papel ; Secuencias de guiones en su primera versi&#xF3;n ; La gram&#xE1;tica del gui&#xF3;n cinematogr&#xE1;fico ; El portafolio necesario para presentar un proyecto de gui&#xF3;n cinematogr&#xE1;fico ; Origen literario del relato y proyecto cinematogr&#xE1;fico ; Primeras escenas del gui&#xF3;n cinematogr&#xE1;fico Nardos en botellas ; &#x201C;Ver como emulsi&#xF3;n, sentir como papel&#x201D; -- Tercera Parte: Guiones cinematogr&#xE1;ficos como piezas audiovisuales aut&#xF3;nomas ; La cita en La Viruta ; La cita en &#x201C;los suspiros&#x201D; ; Traves&#xED;a Adaptaci&#xF3;n de lo literario a lo cinematogr&#xE1;fico.</subfield>
  </datafield>
  <datafield tag="520" ind1="3" ind2=" ">
    <subfield code="a">El gui&#xF3;n no solo es la conceptualizaci&#xF3;n escrita y visual de una idea. Aspira a ser una pieza aut&#xF3;noma de ficci&#xF3;n. Si lo que impone la escritura audiovisual de un guion es lograr &#x201C;ver&#x201D; en el papel la pel&#xED;cula que, hipot&#xE9;ticamente, se transformar&#xE1; cuando sea llevada a la pantalla en su filmaci&#xF3;n y en la postproducci&#xF3;n, el car&#xE1;cter de la palabra como signo adquiere m&#xE1;s relevancia a&#xFA;n. Este libro propone que el guionista literario de ficci&#xF3;n persiga que su pieza sea mirada como la palabra que se transmuta en imagen, aunque ni siquiera haya sido llevada a la pantalla cinematogr&#xE1;fica [Fuente: ELibro].</subfield>
  </datafield>
  <datafield tag="588" ind1=" " ind2=" ">
    <subfield code="a">Descripci&#xF3;n basada en metadatos suministrados por el editor y otras fuentes.</subfield>
  </datafield>
  <datafield tag="590" ind1=" " ind2=" ">
    <subfield code="a">Recurso electr&#xF3;nico. Santa Fe, Arg.: elibro, 2021. Disponible v&#xED;a World Wide Web. El acceso puede estar limitado para las bibliotecas afiliadas a elibro.</subfield>
  </datafield>
  <datafield tag="650" ind1=" " ind2="0">
    <subfield code="a">Motion picture plays</subfield>
    <subfield code="x">Technique.</subfield>
  </datafield>
  <datafield tag="650" ind1=" " ind2="0">
    <subfield code="a">Motion picture authorship.</subfield>
  </datafield>
  <datafield tag="650" ind1=" " ind2="4">
    <subfield code="a">Guion Cinematografico</subfield>
    <subfield code="x">Arte de escribir.</subfield>
  </datafield>
  <datafield tag="650" ind1=" " ind2="4">
    <subfield code="a">Cine</subfield>
    <subfield code="x">Arte de escribir.</subfield>
  </datafield>
  <datafield tag="655" ind1=" " ind2="4">
    <subfield code="a">Libros electr&#xF3;nicos.</subfield>
  </datafield>
  <datafield tag="797" ind1="2" ind2=" ">
    <subfield code="a">elibro, Corp.</subfield>
  </datafield>
  <datafield tag="830" ind1=" " ind2="0">
    <subfield code="a">Humanidades y arte. Cine y audiovisuales.</subfield>
  </datafield>
  <datafield tag="856" ind1="4" ind2="0">
    <subfield code="u">https://elibro.net/ereader/politecnicointernacional/129556</subfield>
  </datafield>
  <datafield tag="999" ind1=" " ind2=" ">
    <subfield code="c">44000</subfield>
    <subfield code="d">44000</subfield>
  </datafield>
</record>
